000 00645nam a2200229Ia 4500
001 8399
003 GE_BSU
008 181216s||||||||xx |||||||||||||| ||und||
040 _cGE_BSU
080 _a821.353.1
100 _aელენი,მერი
245 _aმთვარის პოეზია
245 _bლექსები
245 _cრედ. გულნარა ფაღავა
260 _aთბილისი
260 _bგამ–ბა აჭარა
260 _c1999
300 _a137გვ.14სმ.
541 _h2ლ.
653 _aმთვარის პოეზია
942 _cBK
999 _c41719
_d41719